New democracies and economic crisis in Latin America /

Salvato in:
Dettagli Bibliografici
Autore principale: Weffort, Francisco G.
Natura: testo
Tags: Aggiungi Tag
Nessun Tag, puoi essere il primo ad aggiungerne!!

MARC

LEADER 00000 a a2200000 04500
001 40256
003
040
100 |a Weffort, Francisco G.  
245 |a New democracies and economic crisis in Latin America /  |c Francisco G. Weffort  
773 |g páginas 219-226  
999 |c 31697  |d 31697